00544nam a2200181Ia 4500008004100000020001800041082000800059100002600067245007000093250000600163260002900169300001600198500002400214650001000238942000700248952009000255999001700345230524s9999 xx 000 0 und d a9788131716809 bJEN aJohn R. Jensen942824 0aRemote Sensing of The Environment : An Earth Resource Perspective a2 aNew DelhibPearsonc2013 a"XII,583p;" aQuantity Number: 1 aCivil cBK 00104070aTATCLbTATCLcGENd2023-05-24l0o JENp54106r2023-05-24w2023-05-24yBK c57794d57794